Digital Economies at Global Margins (Record no. 10956)

MARC details
000 -LEADER
fixed length control field 01239nam a2200133Ia 4500
008 - FIXED-LENGTH DATA ELEMENTS--GENERAL INFORMATION
fixed length control field 220615s9999||||xx |||||||||||||| ||und||
020 ## - INTERNATIONAL STANDARD BOOK NUMBER
International Standard Book Number 9780260000000
245 #0 - TITLE STATEMENT
Title Digital Economies at Global Margins
546 ## - LANGUAGE NOTE
Language note English[eng]
650 ## - SUBJECT ADDED ENTRY--TOPICAL TERM
Topical term or geographic name entry element digitization||disintermediation||Internet||East Africa||trade||ICT||ICT4D||agriculture||value chains||knowledge exchange||women's economic empowerment||digital development||neoliberalism||Chile||Tanzania||entrepreneurship||digital humanitarianism||philanthro-capitalism||crowdsourcing||social media||neoliberalis||food security||anti-poverty programs||Aadhaar||India||mobile phones||China||Uganda||boundary object||innovation hubs||discourse||technology||digital economy||coding||hackathons||infrastructure investment||technical innovation||volunteers||service outsourcing||impact sourcing||corporate social responsibility||the Philippines||gig economy||digital labor||outsourcing||freelancing||precarity||discrimination||online platforms||Latin America||alternative digital economy||marginality||Shenzhen||Shanzhai||Didi Chuxing||ride-hailing platforms||connectivity||development||logistics
700 ## - ADDED ENTRY--PERSONAL NAME
Personal name Graham, Mark
856 ## - ELECTRONIC LOCATION AND ACCESS
Uniform Resource Identifier <a href="https://doi.org/10.7551/mitpress/10890.001.0001">https://doi.org/10.7551/mitpress/10890.001.0001</a>
942 ## - ADDED ENTRY ELEMENTS (KOHA)
Koha item type E-Books
Holdings
Withdrawn status Lost status Damaged status Not for loan Home library Current library Date acquired Total Checkouts Date last seen Price effective from Koha item type
        Kerala University of Digital Sciences, Innovation and Technology Knowledge Centre Kerala University of Digital Sciences, Innovation and Technology Knowledge Centre 15/06/2022   15/06/2022 15/06/2022 E-Books